Milostné předehry /

Hlavní autor: Ortová, Zdeňka, 1961-
Další autoři: Vlach, Dalibor, 1952-
Jazyk: Čeština
Vydáno: Praha : Slávka Kopecká, 2009
Vydání: Vyd. 1.
Témata:
Fyzický popis: 72 s. : barev. il. ; 13 cm
Knihy
Uloženo v:
LEADER 01174cam a2200361 a 4500
001 nkc20091993660
003 CZ PrNK
005 20190909140110.0
007 ta
008 091022s2009 xr a e 000 h cze d
015 |a cnb001993660 
020 |a 978-80-86631-81-3  |q (váz.) :  |c Kč 129,00 
035 |a (OCoLC)768555647 
040 |a KLG001  |b cze  |d ABA001 
072 7 |a 821.162.3-3  |x Česká próza  |2 Konspekt  |9 25 
080 |a 821.162.3-3  |2 MRF 
080 |a (0:82-84)  |2 MRF 
100 1 |a Ortová, Zdeňka,  |d 1961-  |7 mzk2002145213  |4 aut 
245 1 0 |a Milostné předehry /  |c Zdeňka Ortová ; [ilustrace Dalibor Vlach] 
250 |a Vyd. 1. 
260 |a Praha :  |b Slávka Kopecká,  |c 2009 
300 |a 72 s. :  |b barev. il. ;  |c 13 cm 
655 7 |a české prózy  |7 fd133972  |2 czenas 
655 7 |a aforismy  |7 fd131784  |2 czenas 
655 9 |a Czech prose  |2 eczenas 
655 9 |a aphorisms  |2 eczenas 
700 1 |a Vlach, Dalibor,  |d 1952-  |7 mzk2004228235  |4 ill 
910 2 |a BOA001  |b S-1433.211 
920 |a 0704199  |z KLG001 
928 9 |a Sláfka 
990 |a BK 
995 |a 01 
996 6 |b 2610793727  |c S-1433.211  |l MZK  |r Sklad / do 24 hodin  |n 0  |p dar  |w 001753314  |u 000010  |a 1  |e BOA001  |j MZK50  |s P